La Ilustración regional / (Record no. 1200)

MARC details
000 -LEADER
campo de control de longitud fija 00984nas a2200289 i 4500
001 - NÚMERO DE CONTROL
campo de control 1200
003 - IDENTIFICADOR DE NÚMERO DE CONTROL
campo de control ES-MaACL
005 - FECHA Y HORA DE LA ÚLTIMA TRANSACCIÓN
campo de control 20250416160654.0
007 - CAMPO FIJO DE DESCRIPCIÓN FÍSICA--INFORMACIÓN GENERAL
campo de control de longitud fija t|
008 - DATOS DE LONGITUD FIJA--INFORMACIÓN GENERAL
campo de control de longitud fija 950801d19741976sp m| | 1 ||pa d
022 ## - NÚMERO INTERNACIONAL NORMALIZADO PARA PUBLICACIONES SERIADAS
Número Internacional Normalizado para Publicaciones Seriadas 2478-7434
080 ## - NÚMERO DE LA CLASIFICACIÓN DECIMAL UNIVERSAL
Número de la Clasificación Decimal Universal 008(460.35)
245 03 - MENCIÓN DEL TÍTULO
Título La Ilustración regional /
Mención de responsabilidad, etc. dir. Javier Smith Carretero.
260 ## - PUBLICACIÓN, DISTRIBUCIÓN, ETC.
Lugar de publicación, distribución, etc. Sevilla :
Nombre del editor, distribuidor, etc. Sociedad Andaluza de Ediciones,
Fecha de publicación, distribución, etc. 1974-(ca.1976)
300 ## - DESCRIPCIÓN FÍSICA
Extensión 2 v. :
Otras características físicas grab. ;
Dimensiones 27 cm.
310 ## - PERIODICIDAD ACTUAL
Periodicidad actual Mensual
362 0# - FECHAS DE PUBLICACIÓN Y/O DESIGNACIÓN SECUENCIAL
Fecha de publicación y/o designación secuencial N. 1 (sept. 1974)-(ca. 1976)
650 14 - PUNTO DE ACCESO ADICIONAL DE MATERIA--TÉRMINO DE MATERIA
Término de materia o nombre geográfico como elemento de entrada Monografías regionales.
9 (RLIN) 15170
651 #4 - PUNTO DE ACCESO ADICIONAL DE MATERIA--NOMBRE GEOGRÁFICO
Nombre geográfico Andalucía-
Subdivisión general Descripción.
9 (RLIN) 7768
651 #4 - PUNTO DE ACCESO ADICIONAL DE MATERIA--NOMBRE GEOGRÁFICO
Nombre geográfico Andalucía-
Subdivisión general Cultura.
9 (RLIN) 161198
655 #7 - TERMINO DE INDIZACIÓN--GENERO/FORMA
Fuente del término tgfbne
9 (RLIN) 226866
Datos o término principal de género/forma Revistas
700 1# - ENTRADA AGREGADA--NOMBRE PERSONAL
Nombre de persona Smith Carretero, Javier,
9 (RLIN) 194120
852 ## - LOCALIZACIÓN
Ubicación ES-MaACL
Número de control de estantería HEM-H-281
Signatura antigua Olim: HEM-1473
Nota libre Expurgada marzo 2025: posterior 1958; sin encuadernar; mal estado de conservación
itemnumber 1225
Ubicación en estantería Hemeroteca
866 #0 - MENCIÓN TEXTUAL DE FONDOS--UNIDAD BIBLIOGRÁFICA BÁSICA
Fondos 1974(1975f.n.6)(1976)
942 ## - ELEMENTOS DE ENTRADA SECUNDARIOS (KOHA)
Fuente del sistema de clasificación o colocación Clasificación decimal universal
Holdings
Estatus retirado Estado de pérdida Fuente del sistema de clasificación o colocación Estado de daño No para préstamo Colección Biblioteca de origen Biblioteca actual Ubicación en estantería Fecha de adquisición Total de préstamos Signatura topográfica completa Código de barras Visto por última vez Precio de reemplazo Tipo de ítem Koha
Expurgado   Clasificación decimal universal     Periódicos y Revistas Biblioteca del Ateneo de Madrid Biblioteca del Ateneo de Madrid Hemeroteca 17/01/2008   HEM-H-281 1001222 23/02/2023 23/02/2023 Revista